书目信息 |
| 题名: |
城镇工程监理
|
|
| 作者: | 闫超君 , 王章虎 主编 | |
| 分册: | ||
| 出版信息: | 合肥 合肥工业大学出版社 2010.04 |
|
| 页数: | 251页 | |
| 开本: | 26cm | |
| 丛书名: | 城镇建设专业课程改革系列教材 | |
| 单 册: | ||
| 中图分类: | TU712 | |
| 科图分类: | ||
| 主题词: | 城镇--cheng zhen--建筑工程--监督管理--高等学校--教材 | |
| 电子资源: | ||
| ISBN: | 978-7-5650-0184-0 | |
| 000 | 01198nam 2200289 450 | |
| 001 | 012010095562 | |
| 005 | 20101105111027.35 | |
| 010 | @a978-7-5650-0184-0@dCNY27.00 | |
| 100 | @a20101105d2010 em y0chiy0120 ea | |
| 101 | 0 | @achi |
| 102 | @aCN@b340000 | |
| 105 | @aa a 000yy | |
| 106 | @ar | |
| 200 | 1 | @a城镇工程监理@Acheng zhen gong cheng jian li@f闫超君, 王章虎主编@Fzhu bian yan chao jun,wang zhang hu |
| 210 | @a合肥@c合肥工业大学出版社@d2010.04 | |
| 215 | @a251页@c图@d26cm | |
| 225 | 2 | @a城镇建设专业课程改革系列教材@Acheng zhen jian she zhuan ye ke cheng gai ge xi lie jiao cai |
| 300 | @a国家示范院校重点建设专业 | |
| 320 | @a有书目 (第250-251页) | |
| 330 | @a本书适应现代工程监理发展的五个需要,介绍了建筑工程和道路工程监理过程中的常用方法和常见问题。包括五个学习项目,主要为砖混结构工程监理、框架结构工程监理、水泥混凝土道路工程监理、沥青混凝土道路工程监理和监理综合实训。 | |
| 410 | 0 | @12001 @a城镇建设专业课程改革系列教材 |
| 606 | 0 | @a城镇@Acheng zhen@x建筑工程@x监督管理@x高等学校@j教材 |
| 690 | @aTU712@v4 | |
| 701 | 0 | @a闫超君@Ayan chao jun@4主编 |
| 701 | 0 | @a王章虎@Awang zhang hu@4主编 |
| 801 | 0 | @aCN@bQSSK@c20101105 |
| 905 | @b787506-08@dTU712@eY046@f3 | |
| 城镇工程监理/闫超君, 王章虎主编.-合肥:合肥工业大学出版社,2010.04 |
| 251页:图;26cm.-(城镇建设专业课程改革系列教材) |
| 国家示范院校重点建设专业 |
| ISBN 978-7-5650-0184-0:CNY27.00 |
| 本书适应现代工程监理发展的五个需要,介绍了建筑工程和道路工程监理过程中的常用方法和常见问题。包括五个学习项目,主要为砖混结构工程监理、框架结构工程监理、水泥混凝土道路工程监理、沥青混凝土道路工程监理和监理综合实训。 |
| ● |
| 相关链接 |
|
|
|
正题名:城镇工程监理
索取号:TU712/Y046
 
预约/预借
| 序号 | 登录号 | 条形码 | 馆藏地/架位号 | 状态 | 备注 |
| 1 | 787506 | 207875067 | 建筑库201/201建筑库 21排2列2层/ [索取号:TU712/Y046] | 在馆 | |
| 2 | 787507 | 207875076 | 建筑库201/201建筑库 21排2列2层/ [索取号:TU712/Y046] | 在馆 | |
| 3 | 787508 | 207875085 | 建筑库201/201建筑库 21排2列2层/ [索取号:TU712/Y046] | 在馆 |